000 02088nam a2200409 i 4500
001 57390
003 CO-BoRNBP
005 20250625144806.0
007 ta
008 231114r20221995ck a|||br 000 jdspa d
020 _a9789580021896
040 _aCO-BoRNBP
_bspa
_cCO-BoRNBP
_erda
041 1 _aspa
_heng
043 _an-us---
084 _aC SHA3
100 1 _aSharmat, Marjorie Weinman,
_d1928-2019,
_eautora
_952121
245 1 0 _aYo, el Gran Fercho y el ladrón
_cMarjorie Weinmam Sharmat ; ilustraciones de Marc Simont ; traducción Cristina Aparicio
250 _aPrimera edición
264 1 _aBogotá, Colombia
_bEducactiva
_c2022
300 _a48páginas
_bilustraciones a color
_c19 cm
_e1 folleto (16 páginas)
336 _atexto
_btxt
_2rdacontenido
337 _asin mediación
_bn
_2rdamedio
338 _avolumen
_bnc
_2rdasoporte
490 0 _aTorre de Papel. Naranja
500 _aEl folleto acompañante es un cuaderno de actividades
500 _aEl material corresponde a la dotación MEPRI 2023, corresponde al año 2022.
520 3 _aUn nuevo caso de misterio para este gran detective. El Gran Fercho, un detective a quien le encantan los panqueques, resolverá su primer caso nocturno. Hay un ladrón en el barrio que se está robando la basura de Oliverio, su vecino. El Gran Fercho pasa algunas noches fuera de casa, durmiendo en la casita de su perro Lodo o en el cubo de la basura, para averiguar quién es el ladrón. ¡Acompaña al Gran Fercho en esta divertida aventura para resolver el misterioso caso! .(Tomado a partes del texto).
521 _aRecomendado para un público infantil mayor de 6 años
534 _tNathe the great
650 1 0 _aCuentos infantiles estadounidenses
_ySiglo XX
_2LEMB
_9816
650 1 0 _aMisterio en la literatuara
_2LEMB
_960543
650 1 7 _aDetectives en la literatura
_2LEMB
_92332
650 1 7 _aLiteratura infantil estadounidense
_ySiglo XX
_2LEMB
_9817
700 1 _aSimont, Marc
_d1915-2013
_tAfternoon in Spain
_eilustrador
_960544
700 1 _aAparicio, Cristina,
_etraductora
_960545
942 _2loc
_cBKLITI
999 _c57390
_d57390